Deutschsprachige Songs mit Features - Statistiken

Allgemein
  • Dieses Quiz wurde 140 mal gespielt
    36 seit der letzten Aktualisierung
  • Das Durchschnittsergebnis liegt bei 9 aus 16
Antwortstatistiken
Jahr Song Künstler Featuring... % Korrekt
2023 Friesenjung Ski Aggu Joost / Otto Waalkes
94%
2014 Au revoir Mark Forster Sido
82%
2015 Astronaut Sido Andreas Bourani
79%
2024 Zeit, dass sich was dreht $oho Bani Herbert Grönemeyer
76%
2017 Señorita Kay One Pietro Lombardi
76%
2019 Vermissen Juju Henning May
74%
2008 Für immer jung Bushido Karel Gott
62%
2021 Madonna Bausa Apache 207
53%
2020 In meinem Benz AK Ausserkontrolle Bonez MC
47%
2011 Cello Udo Lindenberg Clueso
47%
2018 Neymar Capital Bra Ufo361
47%
2016 Ohne mein Team Bonez MC & RAF Camora Maxwell
38%
2025 Ich ich ich ich ich SSIO K.I.Z.
35%
2022 Zukunft Pink Peter Fox Inéz
26%
2006 Gheddo Eko Fresh Bushido
18%
2013 Chabos wissen wer der Babo ist Haftbefehl Farid Bang
12%
Keine übereinstimmenden Quizze gefunden
Verteilung der Resultate
Anzahl Personen mit jedem Resultat
Perzentil nach korrekt beantworteten Fragen
Ihre Resultats-Entwicklung
Sie haben dieses Quiz seit der letzten Aktualisierung nicht gespielt